Немецко-русский словарь по вычислительной технике и программированию

Bibliographic Details
Main Author: Зайчик Б. И. Борис Исаевич
Other Authors: Фаградянц И. В. Игорь Владимирович, Шаров В. А. Виктор Александрович
Summary:Словарь содержит более 30000 терминов по вычислительной технике и программированию, в том числе новейшую терминологию по сетям, мультимедиа, Windows и Интернет. Включены также наиболее часто встречающиеся в немецком языке англицизмы и аббревиатуры. Словарь рассчитан на широкий круг читателей и пользователей.
Language:German
Russian
Published: Москва, ЭТС, 2001
Subjects:
Format: Book
KOHA link:https://koha.lib.tpu.ru/cgi-bin/koha/opac-detail.pl?biblionumber=42435

MARC

LEADER 00000nam0a2200000 4500
001 42435
005 20231101210741.0
010 |a 5933860026 
035 |a (RuTPU)RU\TPU\book\43698 
090 |a 42435 
100 |a 20020904d2001 km y0rusy50 ca 
101 0 |a ger  |a rus 
102 |a RU 
105 |a y e 000zy 
200 1 |a Немецко-русский словарь по вычислительной технике и программированию  |d Deutsch-russisches Worterbuch der Rechentechnik und Datenverarbeitung  |f Б. И. Зайчик, И. В. Фаградянц, В. А. Шаров 
210 |a Москва  |c ЭТС  |d 2001 
215 |a 464 с. 
330 |a Словарь содержит более 30000 терминов по вычислительной технике и программированию, в том числе новейшую терминологию по сетям, мультимедиа, Windows и Интернет. Включены также наиболее часто встречающиеся в немецком языке англицизмы и аббревиатуры. Словарь рассчитан на широкий круг читателей и пользователей. 
510 1 |a Deutsch-russisches Worterbuch der Rechentechnik und Datenverarbeitung  |z ger 
606 1 |a Немецкий язык  |x Терминологические словари  |2 stltpush  |3 (RuTPU)RU\TPU\subj\45383  |9 64626 
610 1 |a словари 
610 1 |a вычислительная техника 
610 1 |a программирование 
610 1 |a терминологические словари 
675 |a 681.3(038)  |v 3 
686 |a Ш143.24-43  |v LBC/SL-A  |2 rubbk 
700 1 |a Зайчик  |b Б. И.  |g Борис Исаевич 
701 1 |a Фаградянц  |b И. В.  |g Игорь Владимирович 
701 1 |a Шаров  |b В. А.  |g Виктор Александрович 
801 1 |a RU  |b 63413507  |c 20020904  |g PSBO 
801 2 |a RU  |b 63413507  |c 20190909  |g PSBO 
942 |c BK